000
00317nam a2200133Ia 4500
100
_a
Zeyher/L.R
942
_c
RB
654
_a
Production Manual & Guide
245
_a
Production & Operations Manual & Guide
260
_b
prentice hall
_a
New Jersey
_c
1975
082
_a
658.50246
300
_a
236
546
_a
ENGLISH
999
_c
31043
_d
31043